[Event "2nd Goa GM Open 2019"]
[Site "Goa"]
[Date "2019.06.19"]
[Round "3.27"]
[White "Rathanvel, V S"]
[Black "Vasquez Schroeder, Rodrigo"]
[Result "1-0"]
[WhiteElo "2314"]
[BlackElo "2476"]
[Annotator "ChessBase"]
[PlyCount "215"]
[EventDate "2019.06.17"]
[EventType "swiss"]
[EventCountry "IND"]
[SourceTitle "playchess.com"]
[Source "ChessBase"]
[SourceQuality "1"]
[TimeControl "5400+30"]

1. e4 {[%emt 0:03:37]} e5 {[%emt 0:00:00]} 2. Nf3 {[%emt 0:00:18]} Nc6 {[%emt 0:00:00]} 3. Bb5 {[%emt 0:00:07]} a6 {[%emt 0:00:00]} 4. Ba4 {[%emt 0:00:05]} Nf6 {[%emt 0:00:00]} 5. d3 {[%emt 0:01:32]} b5 {[%emt 0:00:04]} 6. Bb3 {[%emt 0:00:04]} Be7 {[%emt 0:00:06]} 7. c3 {[%emt 0:06:45]} d6 {[%emt 0:00:17]} 8. Nbd2 {[%emt 0:01:19]} O-O {[%emt 0:00:25]} 9. O-O {[%emt 0:04:56]} Na5 {[%emt 0:01:15]} 10. Bc2 {[%emt 0:00:01]} c5 {[%emt 0:00:07]} 11. Qe2 {[%emt 0:00:54]} Qc7 {[%emt 0:00:16]} 12. Rd1 {[%emt 0:00:14]} Re8 {[%emt 0:00:17]} 13. Nf1 {[%emt 0:00:23]} h6 {[%emt 0:00:17]} 14. Ng3 {[%emt 0:01:37]} Bf8 {[%emt 0:02:58]} 15. h3 {[%emt 0:21:04]} Bb7 {[%emt 0:01:18]} 16. Nf5 {[%emt 0:07:07]} d5 {[%emt 0:01:29]} 17. N3h4 {[%emt 0:03:02]} Rad8 {[%emt 0:03:12]} 18. Re1 {[%emt 0:03:23]} d4 {[%emt 0:02:32]} 19. Qf3 {[%emt 0:06:06]} Re6 {[%emt 0:01:50]} 20. Qg3 {[%emt 0:04:19]} Kh7 {[%emt 0:02:07]} 21. Nf3 {[%emt 0:07:09]} Rc8 {[%emt 0:11:13]} 22. Qh4 {[%emt 0:01:48]} Kg8 {[%emt 0:00:43]} 23. Bd2 {[%emt 0:04:17]} dxc3 24. bxc3 {[%emt 0:04:29]} Nh7 {[%emt 0:13:29]} 25. Rad1 {[%emt 0:02:48]} Rce8 {[%emt 0:03:43]} 26. Bb1 {[%emt 0:03:04]} Bc8 {[%emt 0:04:41]} 27. d4 {[%emt 0:01:17]} Nc4 {[%emt 0:01:54]} 28. Nxe5 {[%emt 0:00:24]} Nxe5 {[%emt 0:00:20]} 29. dxe5 {[%emt 0:00:06]} Rxe5 30. f4 {[%emt 0:02:37]} Bxf5 {[%emt 0:07:37]} 31. fxe5 {[%emt 0:01:16]} Be6 {[%emt 0:01:20]} 32. Qg3 {[%emt 0:02:44]} Kh8 {[%emt 0:00:06]} 33. Be3 {[%emt 0:02:28]} Be7 {[%emt 0:01:00]} 34. Rd6 {[%emt 0:00:13]} Ra8 {[%emt 0:00:34]} 35. Red1 {[%emt 0:00:18]} Nf8 {[%emt 0:00:14]} 36. Qf2 {[%emt 0:00:52]} Ng6 {[%emt 0:02:35]} 37. Qg3 {[%emt 0:04:34]} Bh4 {[%emt 0:00:47]} 38. Qf3 {[%emt 0:00:05]} Nxe5 {[%emt 0:02:28]} 39. Qh5 {[%emt 0:00:07]} Bf6 {[%emt 0:05:37]} 40. Bf4 {[%emt 0:01:33]} Ng6 {[%emt 0:01:56]} 41. Bh2 {[%emt 0:00:39]} Qe7 {[%emt 0:05:55]} 42. e5 {[%emt 0:00:06]} Bg5 {[%emt 0:00:12]} 43. Bxg6 {[%emt 0:00:22]} fxg6 {[%emt 0:01:11]} 44. Qxg6 {[%emt 0:00:01]} Re8 {[%emt 0:00:24]} 45. Rxa6 {[%emt 0:00:35]} b4 {[%emt 0:00:49]} 46. cxb4 {[%emt 0:01:10]} cxb4 {[%emt 0:00:05]} 47. Kh1 {[%emt 0:00:15]} Bc4 {[%emt 0:00:37]} 48. Rad6 {[%emt 0:01:01]} Bf7 {[%emt 0:00:48]} 49. Qb1 {[%emt 0:00:19]} Qa7 {[%emt 0:00:32]} 50. Qxb4 {[%emt 0:00:25]} Qxa2 {[%emt 0:00:47]} 51. Qe4 {[%emt 0:00:33]} Bb3 {[%emt 0:02:14]} 52. Qb1 {[%emt 0:00:30]} Qa4 {[%emt 0:00:45]} 53. R6d4 {[%emt 0:00:38]} Qb5 {[%emt 0:00:46]} 54. R1d3 {[%emt 0:00:20]} Bc4 {[%emt 0:01:17]} 55. Qxb5 {[%emt 0:00:06]} Bxb5 {[%emt 0:00:02]} 56. Rb3 {[%emt 0:00:12]} Be2 {[%emt 0:00:24]} 57. Rb2 {[%emt 0:00:37]} Bh5 {[%emt 0:00:10]} 58. Rdb4 {[%emt 0:00:37]} Kh7 {[%emt 0:00:17]} 59. Rb8 {[%emt 0:00:06]} Re7 {[%emt 0:00:11]} 60. R2b7 {[%emt 0:00:31]} Re6 {[%emt 0:00:07]} 61. Rb6 {[%emt 0:00:24]} Re7 {[%emt 0:00:08]} 62. R8b7 {[%emt 0:00:47]} Re8 {[%emt 0:00:11]} 63. Bg3 {[%emt 0:00:10]} Be3 {[%emt 0:00:32]} 64. Rb3 {[%emt 0:00:47]} Bd4 {[%emt 0:00:14]} 65. Kh2 {[%emt 0:01:37]} Bxe5 {[%emt 0:00:16]} 66. Bxe5 {[%emt 0:00:05]} Rxe5 {[%emt 0:00:03]} 67. R3b5 {[%emt 0:00:09]} Rxb5 {[%emt 0:00:16]} 68. Rxb5 {[%emt 0:00:01]} Be2 {[%emt 0:00:14]} 69. Rb6 {[%emt 0:00:05]} g5 {[%emt 0:00:12]} 70. Kg3 {[%emt 0:00:13]} Kg7 {[%emt 0:00:06]} 71. Kf2 {[%emt 0:00:32]} Bc4 {[%emt 0:00:04]} 72. Rd6 {[%emt 0:00:14]} Bb5 {[%emt 0:00:16]} 73. Kf3 {[%emt 0:00:10]} Bf1 {[%emt 0:00:13]} 74. Rb6 {[%emt 0:00:32]} Bc4 {[%emt 0:00:18]} 75. Kg4 {[%emt 0:00:54]} Be2+ {[%emt 0:00:21]} 76. Kf5 {[%emt 0:00:06]} Bd3+ {[%emt 0:00:01]} 77. Ke5 {[%emt 0:00:13]} Bf1 {[%emt 0:00:10]} 78. Rb2 {[%emt 0:00:02]} Kg6 {[%emt 0:00:11]} 79. Rf2 {[%emt 0:00:01]} Bc4 {[%emt 0:00:08]} 80. Rf6+ {[%emt 0:00:37]} Kg7 {[%emt 0:00:06]} 81. Rf2 {[%emt 0:02:51]} Kg6 {[%emt 0:00:12]} 82. Ke4 {[%emt 0:00:13]} Bb5 {[%emt 0:00:40]} 83. Kf3 {[%emt 0:00:06]} h5 {[%emt 0:02:58]} 84. Rb2 {[%emt 0:02:16]} Bc6+ {[%emt 0:00:35]} 85. Ke3 {[%emt 0:00:02]} Kf5 {[%emt 0:00:34]} 86. Rc2 {[%emt 0:00:01]} Bb7 {[%emt 0:00:48]} 87. Rc5+ {[%emt 0:00:39]} Kf6 {[%emt 0:00:10]} 88. g3 {[%emt 0:00:07]} Kg6 {[%emt 0:00:41]} 89. Kf2 {[%emt 0:01:29]} Be4 {[%emt 0:00:42]} 90. Ra5 {[%emt 0:00:36]} Bf5 {[%emt 0:00:22]} 91. Kg2 {[%emt 0:00:14]} Be4+ {[%emt 0:00:06]} 92. Kf2 {[%emt 0:00:03]} Bf5 {[%emt 0:00:05]} 93. h4 {[%emt 0:00:50]} gxh4 {[%emt 0:00:05]} 94. gxh4 {[%emt 0:00:03]} Bg4 {[%emt 0:00:27]} 95. Ke3 {[%emt 0:00:01]} Kf6 {[%emt 0:00:27]} 96. Kf4 {[%emt 0:00:04]} Be2 {[%emt 0:00:49]} 97. Rc5 {[%emt 0:00:59]} Bg4 {[%emt 0:00:18]} 98. Rc6+ {[%emt 0:00:06]} Kf7 {[%emt 0:00:11]} 99. Kg5 {[%emt 0:00:04]} Be2 {[%emt 0:01:12]} 100. Rc7+ {[%emt 0:00:43]} Ke6 {[%emt 0:01:00]} 101. Kg6 {[%emt 0:00:10]} Bg4 {[%emt 0:00:24]} 102. Rc1 {[%emt 0:00:46]} Ke5 {[%emt 0:01:26]} 103. Re1+ {[%emt 0:00:14]} Kf4 {[%emt 0:00:24]} 104. Kf6 {[%emt 0:00:07]} Bh3 {[%emt 0:01:56]} 105. Rb1 {[%emt 0:00:30]} Bg4 {[%emt 0:02:50]} 106. Rb4+ {[%emt 0:00:07]} Kg3 {[%emt 0:02:18]} 107. Kg5 {[%emt 0:00:05]} Kh3 {[%emt 0:01:34]} 108. Rb8 {[%emt 0:01:04]} 1-0

[Event "2nd Goa GM Open 2019"]
[Site "Goa"]
[Date "2019.06.19"]
[Round "3.28"]
[White "Nguyen, Van Huy"]
[Black "Mahalakshmi, M."]
[Result "1-0"]
[WhiteElo "2456"]
[BlackElo "2245"]
[Annotator "ChessBase"]
[PlyCount "86"]
[EventDate "2019.06.17"]
[EventType "swiss"]
[EventCountry "IND"]
[SourceTitle "playchess.com"]
[Source "ChessBase"]
[SourceQuality "1"]
[TimeControl "5400+30"]

1. d4 {[%emt 0:00:00]} Nf6 {[%emt 0:00:00]} 2. c4 {[%emt 0:00:00]} e6 {[%emt 0:00:33]} 3. Nf3 {[%emt 0:00:12]} Bb4+ {[%emt 0:00:03]} 4. Nbd2 {[%emt 0:00:43]} O-O {[%emt 0:00:10]} 5. g3 {[%emt 0:00:10]} b6 {[%emt 0:00:12]} 6. Bg2 {[%emt 0:00:10]} Bb7 {[%emt 0:00:08]} 7. O-O {[%emt 0:00:09]} a5 {[%emt 0:00:08]} 8. Qc2 {[%emt 0:04:51]} Bxd2 {[%emt 0:00:39]} 9. Bxd2 {[%emt 0:02:32]} Be4 {[%emt 0:00:15]} 10. Qc3 {[%emt 0:01:49]} d6 {[%emt 0:02:39]} 11. Rfd1 {[%emt 0:04:17]} Nbd7 {[%emt 0:01:37]} 12. Bf1 {[%emt 0:02:04]} Re8 {[%emt 0:05:45]} 13. Ne1 {[%emt 0:04:18]} Bb7 {[%emt 0:00:46]} 14. f3 {[%emt 0:01:15]} e5 {[%emt 0:02:20]} 15. e4 {[%emt 0:01:09]} exd4 {[%emt 0:04:14]} 16. Qxd4 {[%emt 0:00:20]} Qe7 {[%emt 0:02:51]} 17. Bc3 {[%emt 0:04:54]} Rad8 {[%emt 0:03:20]} 18. Bg2 {[%emt 0:07:05]} Qe5 {[%emt 0:05:35]} 19. Nc2 {[%emt 0:08:19]} Qxd4+ {[%emt 0:01:57]} 20. Bxd4 {[%emt 0:02:09]} Ne5 {[%emt 0:03:05]} 21. Ne3 {[%emt 0:00:38]} Nfd7 {[%emt 0:00:47]} 22. b3 {[%emt 0:02:48]} Nc5 {[%emt 0:01:45]} 23. Rd2 {[%emt 0:00:23]} f6 {[%emt 0:05:09]} 24. Rad1 {[%emt 0:00:34]} Kf7 {[%emt 0:02:08]} 25. Kf2 {[%emt 0:00:34]} Ra8 {[%emt 0:05:02]} 26. Bf1 {[%emt 0:09:21]} Nc6 {[%emt 0:14:10]} 27. Bxc5 {[%emt 0:03:12]} bxc5 {[%emt 0:07:09]} 28. Nd5 {[%emt 0:00:51]} Re7 {[%emt 0:00:46]} 29. Nxe7 {[%emt 0:00:35]} Kxe7 {[%emt 0:00:16]} 30. f4 {[%emt 0:06:21]} a4 {[%emt 0:03:57]} 31. Bg2 {[%emt 0:01:28]} axb3 {[%emt 0:01:46]} 32. axb3 {[%emt 0:00:50]} Nd4 {[%emt 0:00:11]} 33. b4 {[%emt 0:02:03]} Ra3 {[%emt 0:01:22]} 34. e5 {[%emt 0:04:55]} Bxg2 {[%emt 0:02:09]} 35. exd6+ {[%emt 0:00:06]} cxd6 {[%emt 0:00:05]} 36. Kxg2 {[%emt 0:00:07]} Rc3 {[%emt 0:00:46]} 37. Ra1 {[%emt 0:02:15]} Kf7 {[%emt 0:04:23]} 38. b5 {[%emt 0:04:17]} Rxc4 {[%emt 0:00:34]} 39. Rb2 {[%emt 0:00:34]} Rb4 {[%emt 0:01:21]} 40. Rxb4 {[%emt 0:00:57]} cxb4 {[%emt 0:00:02]} 41. b6 {[%emt 0:00:15]} b3 {[%emt 0:00:25]} 42. b7 {[%emt 0:00:18]} b2 {[%emt 0:00:17]} 43. Ra7 {[%emt 0:01:16]} Ke6 1-0

[Event "2nd Goa GM Open 2019"]
[Site "Goa"]
[Date "2019.06.19"]
[Round "3.30"]
[White "Karthikeyan, P.."]
[Black "Deshpande, Aniruddha"]
[Result "1/2-1/2"]
[WhiteElo "2445"]
[BlackElo "2242"]
[Annotator "NA"]
[PlyCount "46"]
[EventDate "2019.06.17"]
[EventType "swiss"]
[EventCountry "IND"]
[SourceTitle "playchess.com"]
[Source "ChessBase"]
[SourceQuality "1"]
[TimeControl "5400+30"]

1. c4 {[%emt 0:01:16]} e5 {[%emt 0:01:00]} 2. g3 {[%emt 0:00:49]} Nf6 {[%emt 0:00:42]} 3. Bg2 {[%emt 0:00:05]} d5 {[%emt 0:00:11]} 4. cxd5 {[%emt 0:00:13]} Nxd5 {[%emt 0:00:10]} 5. Nf3 {[%emt 0:00:27]} Nc6 {[%emt 0:00:08]} 6. O-O {[%emt 0:00:59]} Nb6 {[%emt 0:00:22]} 7. b3 {[%emt 0:00:21]} Bd6 {[%emt 0:19:11]} 8. Bb2 {[%emt 0:01:42]} O-O {[%emt 0:03:15]} 9. Nc3 {[%emt 0:07:19]} f5 {[%emt 0:00:38]} 10. Nb5 {[%emt 0:04:06]} Be6 {[%emt 0:02:27]} 11. Rc1 {[%emt 0:04:10]} Qe7 {[%emt 0:01:58]} 12. d4 {[%emt 0:02:56]} e4 {[%emt 0:01:53]} 13. Ne5 {[%emt 0:00:59]} Nb4 {[%emt 0:02:54]} 14. Ba3 {[%emt 0:03:08]} N6d5 {[%emt 0:12:58]} 15. Qd2 {[%emt 0:07:48]} a5 {[%emt 0:00:47]} 16. Nc4 {[%emt 0:00:53]} b6 {[%emt 0:06:30]} 17. f3 {[%emt 0:05:44]} Bd7 {[%emt 0:01:38]} 18. Nbxd6 {[%emt 0:15:26]} cxd6 {[%emt 0:00:09]} 19. fxe4 {[%emt 0:15:19]} fxe4 {[%emt 0:00:17]} 20. Ne3 {[%emt 0:07:50]} Qg5 {[%emt 0:02:56]} 21. Nc4 {[%emt 0:07:55]} Qe7 {[%emt 0:08:28]} 22. Ne3 {[%emt 0:02:06]} Qg5 {[%emt 0:00:13]} 23. Nc4 {[%emt 0:00:03]} Qe7 1/2-1/2

[Event "2nd Goa GM Open 2019"]
[Site "Goa"]
[Date "2019.06.20"]
[Round "4.1"]
[White "Neverov, Valeriy"]
[Black "Pantsulaia, Levan"]
[Result "1-0"]
[WhiteElo "2470"]
[BlackElo "2614"]
[Annotator "TA"]
[PlyCount "107"]
[EventDate "2019.06.17"]
[EventType "swiss"]
[EventCountry "IND"]
[SourceTitle "playchess.com"]
[Source "ChessBase"]
[SourceQuality "1"]

{[%evp 9,107,22,29,-948,19,22,54,0,16,-1074,52,28,75,72,71,75,81,79,127,127,114,106,125,122,135,126,117,101,117,107,160,79,74,59,77,66,66,72,49,47,116,103,100,94,102,93,97,100,185,0,25,0,0,-159,-161,-207,-207,-197,-153,-222,-222,-210,-35,-46,0,0,0,0,0,0,0,0,0,0,127,66,49,0,0,-8,0,0,0,0,0,0,1783,1717,1545,1496,1296,797,786,750,1298,1228,29980,29981,29971,12843]} 1. Nf3 c5 2. c3 Nf6 3. d4 Qc7 4. Bg5 Ne4 5. Bh4 cxd4 (5... d5 6. e3 Nc6 7. Nbd2 Bf5 8. Nxe4 dxe4 9. Nd2 e6 10. Bg3 Qd8 11. Bb5 Be7 12. dxc5 Bxc5 {½-½ (73) So,W (2770)-Vachier Lagrave,M (2789) Paris 2016}) 6. Qd2 $146 {[%mdl 8192] A46: 1 d4 Nf6 2 Nf3 e6: Torre, London and Colle Systems} (6. Qxd4 $11 Nd6 7. Bg3) ({Predecessor:} 6. cxd4 g5 7. Bg3 Qa5+ 8. Nbd2 Nc6 9. e3 h5 10. h3 Bh6 11. Bh2 g4 12. hxg4 hxg4 {0-1 (38) Agistriotis,M (1910)-Skembris,S (2395) Kanoni 2019}) 6... d3 $2 (6... Nxd2 $19 7. Nfxd2 d5) 7. Qxd3 $11 Nf6 8. Qd4 {White is slightly better.} Nc6 9. e4 $2 {[%mdl 8192]} (9. Qd1 $11) 9... Ng4 $2 (9... Nxd4 $19 10. Nxd4 Qf4) 10. Qd2 Nce5 11. Na3 Nxf3+ 12. gxf3 Ne5 13. Be2 a6 14. f4 Nc6 15. O-O-O b5 16. Nc2 g6 17. Kb1 Bg7 18. f5 Bb7 19. Ne3 Na5 (19... Ne5 $142) 20. Nd5 (20. f3 $142) 20... Bxd5 $16 21. Qxd5 Rb8 22. f4 Nc4 23. Bxc4 bxc4 24. e5 gxf5 (24... e6 $14 25. Qd6 Qxd6 26. Rxd6 Bf8) 25. Rhg1 Bf8 26. Rd4 e6 27. Qxc4 Qb6 {[%csl Gb8][%cal Rb6b2]} 28. Rg2 $1 {Black must now prevent Qa4!} Rg8 (28... Bc5 $16) 29. Qe2 $2 (29. Qa4 $1 $18 {[%csl Gd4][%cal Ra4d7]} Qb7 30. Rxd7 Qxd7 31. Qxd7+ Kxd7 32. Rxg8) 29... Rg6 30. Rxg6 hxg6 31. b4 $2 {[#]} (31. b3 $11) 31... a5 $1 $17 {[%cal Rf8b4] ...Bxb4! is the strong threat.} 32. a3 axb4 33. axb4 Ra8 34. Rd2 (34. Qc4 $17) 34... Qc6 $19 ({Weaker is} 34... Qa7 35. Ra2 $15) 35. Ra2 Rc8 $2 ({Better is} 35... Rxa2 $19 36. Kxa2 Qxc3) 36. Qd2 $1 $15 Qe4+ 37. Kb2 Bc5 38. Bf6 Bb6 (38... Be3 $5 39. Qd6 $8 Bc1+ 40. Ka1 Bb2+ 41. Rxb2 Ra8+ 42. Ra2 Qh1+ 43. Kb2 Qxh2+ 44. Kc1 Qh1+ 45. Kb2 Qh2+ 46. Kc1 Qh1+ 47. Kb2 Qh2+ $11) 39. Ra1 Qc6 40. h4 Qf3 41. Rd1 Kf8 (41... Qc6 $11) 42. h5 (42. Qd3 $16 Qxd3 43. Rxd3) 42... gxh5 $14 43. Qd6+ {[#]} Kg8 $1 44. Rd3 $132 {[%mdl 2048] White is not keeping still} Qg2+ 45. Kb3 Ra8 {[%csl Ga8][%cal Rg2a2]} 46. Rd2 Qg1 47. Rd1 Qg4 $2 {[%mdl 8192] [#]} (47... Qg2 $11 48. Ra1 Be3) 48. Ra1 $1 $18 {[%cal Ra1a8][%mdl 512]} Rc8 (48... Rxa1 49. Qb8+) 49. Qxb6 Kh7 50. Qe3 {aiming for Rg1.} Qg2 51. Qd3 Kg6 52. Qd4 {Strongly threatening Rg1!} Qf3 53. Qg1+ Qg4 54. Qe3 {Accuracy: White = 41%, Black = 40%.} 1-0

[Event "2nd Goa GM Open 2019"]
[Site "Goa"]
[Date "2019.06.20"]
[Round "4.2"]
[White "Ter-Sahakyan, Samvel"]
[Black "Mohammad Nubairshah Shaikh"]
[Result "1-0"]
[WhiteElo "2611"]
[BlackElo "2436"]
[Annotator "TA"]
[PlyCount "65"]
[EventDate "2019.06.17"]
[EventType "swiss"]
[EventCountry "IND"]
[SourceTitle "playchess.com"]
[Source "ChessBase"]
[SourceQuality "1"]

{[%evp 9,66,11,39,30,10,14,40,18,18,0,14,0,0,0,0,0,0,0,0,-9,-9,-13,6,0,24,28,27,24,28,20,22,4,31,24,46,40,39,38,47,49,162,155,152,139,572,568,555,552,29988,29989,29991,29992,29992,29993,29993,29994,29994,29992,29992]} 1. e4 c6 2. d4 d5 3. e5 c5 4. dxc5 e6 5. a3 Nc6 6. Nf3 {B12: Caro-Kann: Advance Variation} Bxc5 7. b4 {[%cal Bb2b4,Bb4b5][%mdl 32]} Bb6 8. b5 {White is slightly better.} Nb8 {[%cal Bc6b8,Bb8d7,Bd7c5,Bc5e4,Be4d2][%mdl 32]} 9. Bb2 Ne7 $146 ({Predecessor:} 9... a6 10. a4 Nh6 11. Be2 axb5 12. axb5 Rxa1 13. Bxa1 {1-0 (40) Grischuk,A (2771)-Navara,D (2739) Shamkir 2019}) 10. Be2 a6 11. a4 axb5 12. axb5 Rxa1 13. Bxa1 Nd7 14. O-O O-O 15. c4 Nc5 16. Nbd2 Ng6 17. g3 Ne4 18. Qc2 Nxd2 19. Qxd2 dxc4 20. Bxc4 Qxd2 21. Nxd2 Rd8 22. Ne4 Bc7 23. f4 b6 24. Rc1 {Be2 is the strong threat.} Bb7 (24... Ne7 $14) 25. Ng5 $1 $18 {[%cal Rg5e6] Threatens to win with Nxe6!} Nf8 {[#]} 26. f5 $1 {[%cal Rf5e6][%mdl 512]} Re8 $2 {[%mdl 8192] [#]} (26... Bb8 $16) (26... exf5 27. Bxf7+) 27. Bxe6 $1 Nxe6 28. fxe6 Ra8 29. exf7+ {White mates.} Kf8 30. Rxc7 {[%cal Rg5h7]} Rxa1+ {[#]} 31. Kf2 $1 {[%cal Rg5h7]} Ra2+ {[#]} 32. Ke3 $1 {[%cal Rg5h7]} Ra3+ {[#]} 33. Kd4 {Played: Ke3-f4} 1-0

[Event "2nd Goa GM Open 2019"]
[Site "Goa"]
[Date "2019.06.20"]
[Round "4.3"]
[White "Petrosyan, Manuel"]
[Black "Sammed Jaykumar, Shete"]
[Result "1-0"]
[WhiteElo "2573"]
[BlackElo "2431"]
[Annotator "ChessBase"]
[PlyCount "99"]
[EventDate "2019.06.17"]
[EventType "swiss"]
[EventCountry "IND"]
[SourceTitle "playchess.com"]
[Source "ChessBase"]
[SourceQuality "1"]
[TimeControl "5400+30"]

1. c4 {[%emt 0:03:30]} Nf6 {[%emt 0:02:54]} 2. Nc3 {[%emt 0:00:55]} d5 {[%emt 0:01:12]} 3. cxd5 {[%emt 0:00:59]} Nxd5 {[%emt 0:00:04]} 4. g3 {[%emt 0:02:21]} g6 {[%emt 0:02:44]} 5. Bg2 {[%emt 0:02:21]} Nxc3 {[%emt 0:00:25]} 6. bxc3 {[%emt 0:00:03]} c5 {[%emt 0:00:36]} 7. Rb1 {[%emt 0:00:04]} Qc7 {[%emt 0:01:33]} 8. h4 {[%emt 0:00:43]} Bg7 {[%emt 0:05:00]} 9. h5 {[%emt 0:01:25]} Nd7 {[%emt 0:01:01]} 10. Qa4 {[%emt 0:04:02]} a6 {[%emt 0:02:17]} 11. Nh3 {[%emt 0:09:17]} Rb8 {[%emt 0:04:12]} 12. Nf4 {[%emt 0:01:01]} e6 {[%emt 0:00:40]} 13. c4 {[%emt 0:05:47]} O-O {[%emt 0:04:02]} 14. hxg6 {[%emt 0:03:06]} hxg6 {[%emt 0:00:50]} 15. Qc2 {[%emt 0:00:04]} Ne5 {[%emt 0:03:30]} 16. a4 {[%emt 0:04:59]} b6 {[%emt 0:02:22]} 17. Bb2 {[%emt 0:01:21]} Bb7 {[%emt 0:05:35]} 18. Bxb7 {[%emt 0:03:03]} Rxb7 {[%emt 0:04:40]} 19. Qe4 {[%emt 0:05:29]} Qc6 {[%emt 0:03:06]} 20. Qxc6 {[%emt 0:02:19]} Nxc6 {[%emt 0:00:04]} 21. Bxg7 {[%emt 0:02:57]} Kxg7 {[%emt 0:00:35]} 22. Nd3 {[%emt 0:06:25]} Rfb8 {[%emt 0:06:46]} 23. f3 {[%emt 0:02:27]} a5 {[%emt 0:05:30]} 24. Nf2 {[%emt 0:00:40]} Nb4 {[%emt 0:03:13]} 25. d3 {[%emt 0:00:43]} Rh8 {[%emt 0:02:48]} 26. Rxh8 {[%emt 0:00:57]} Kxh8 {[%emt 0:00:06]} 27. Kd2 {[%emt 0:00:05]} Kg7 {[%emt 0:00:12]} 28. f4 {[%emt 0:00:43]} f6 {[%emt 0:08:10]} 29. Ne4 {[%emt 0:00:42]} g5 {[%emt 0:08:29]} 30. Rh1 {[%emt 0:02:37]} gxf4 {[%emt 0:02:30]} 31. gxf4 {[%emt 0:00:07]} Rb8 {[%emt 0:00:26]} 32. f5 {[%emt 0:05:23]} exf5 {[%emt 0:01:47]} 33. Nd6 {[%emt 0:01:25]} f4 {[%emt 0:01:58]} 34. Rf1 {[%emt 0:00:15]} Rd8 {[%emt 0:01:53]} 35. Nf5+ {[%emt 0:01:43]} Kf7 {[%emt 0:00:07]} 36. Rxf4 {[%emt 0:00:12]} Nc6 {[%emt 0:00:21]} 37. Ne3 {[%emt 0:01:47]} Rd6 {[%emt 0:00:33]} 38. Nd5 {[%emt 0:01:13]} Ne7 {[%emt 0:00:35]} 39. e4 {[%emt 0:02:09]} Ng6 {[%emt 0:04:54]} 40. Rf1 {[%emt 0:00:10]} Ne5 {[%emt 0:00:08]} 41. Rb1 {[%emt 0:00:10]} Nd7 {[%emt 0:00:10]} 42. Rh1 {[%emt 0:00:16]} Nf8 {[%emt 0:04:17]} 43. Ke3 {[%emt 0:01:46]} Kg6 {[%emt 0:00:44]} 44. Rb1 {[%emt 0:01:06]} Nd7 {[%emt 0:00:08]} 45. Ne7+ {[%emt 0:00:14]} Kf7 {[%emt 0:00:39]} 46. Nf5 {[%emt 0:00:11]} Rc6 {[%emt 0:01:14]} 47. Rg1 {[%emt 0:00:12]} Ne5 {[%emt 0:00:33]} 48. Rg7+ {[%emt 0:00:33]} Ke8 {[%emt 0:00:56]} 49. Ke2 {[%emt 0:02:01]} Re6 {[%emt 0:03:49]} 50. Ne3 {[%emt 0:00:49]} 1-0

[Event "2nd Goa GM Open 2019"]
[Site "Goa"]
[Date "2019.06.20"]
[Round "4.4"]
[White "Viani Antonio Dcunha"]
[Black "Deepan Chakkravarthy J."]
[Result "1/2-1/2"]
[WhiteElo "2362"]
[BlackElo "2557"]
[Annotator "ChessBase"]
[PlyCount "111"]
[EventDate "2019.06.17"]
[EventType "swiss"]
[EventCountry "IND"]
[SourceTitle "playchess.com"]
[Source "ChessBase"]
[SourceQuality "1"]
[TimeControl "5400+30"]

1. e4 {[%emt 0:00:08]} e5 {[%emt 0:00:00]} 2. Nf3 {[%emt 0:00:21]} Nc6 {[%emt 0:00:00]} 3. Bc4 {[%emt 0:01:36]} Nf6 {[%emt 0:00:08]} 4. d3 {[%emt 0:00:09]} Be7 {[%emt 0:00:25]} 5. O-O {[%emt 0:00:52]} O-O {[%emt 0:00:06]} 6. Bb3 {[%emt 0:03:16]} d6 {[%emt 0:00:15]} 7. c3 {[%emt 0:00:09]} Na5 {[%emt 0:00:05]} 8. Bc2 {[%emt 0:00:14]} c5 {[%emt 0:00:04]} 9. Nbd2 {[%emt 0:00:14]} Nc6 {[%emt 0:01:21]} 10. Re1 {[%emt 0:04:41]} Re8 {[%emt 0:03:05]} 11. a3 {[%emt 0:01:07]} Bf8 {[%emt 0:00:54]} 12. b4 {[%emt 0:02:32]} a6 {[%emt 0:00:14]} 13. d4 {[%emt 0:07:44]} exd4 {[%emt 0:10:06]} 14. cxd4 {[%emt 0:00:13]} cxb4 {[%emt 0:00:07]} 15. d5 {[%emt 0:02:31]} Ne5 {[%emt 0:00:09]} 16. axb4 {[%emt 0:01:45]} Bd7 {[%emt 0:00:05]} 17. Nb3 {[%emt 0:09:02]} Rc8 {[%emt 0:02:16]} 18. Be3 {[%emt 0:05:15]} Nxf3+ {[%emt 0:03:43]} 19. gxf3 {[%emt 0:00:09]} Nh5 {[%emt 0:00:18]} 20. Nd4 {[%emt 0:08:40]} g6 {[%emt 0:07:02]} 21. Qd2 {[%emt 0:08:44]} Bg7 {[%emt 0:01:19]} 22. Bd3 {[%emt 0:13:51]} h6 {[%emt 0:19:19]} 23. Rac1 {[%emt 0:05:02]} Qh4 {[%emt 0:01:38]} 24. Ne2 {[%emt 0:00:31]} Be5 {[%emt 0:00:38]} 25. Ng3 {[%emt 0:03:00]} Nf4 {[%emt 0:01:51]} 26. Bf1 {[%emt 0:01:11]} Bh3 {[%emt 0:19:24]} 27. Kh1 {[%emt 0:04:04]} Rxc1 {[%emt 0:09:32]} 28. Rxc1 {[%emt 0:00:46]} Bxf1 {[%emt 0:01:46]} 29. Rxf1 {[%emt 0:00:10]} Qf6 {[%emt 0:02:24]} 30. Rc1 {[%emt 0:10:58]} h5 {[%emt 0:00:19]} 31. Rc7 {[%emt 0:00:25]} h4 {[%emt 0:00:19]} 32. Ne2 {[%emt 0:02:21]} Nxe2 {[%emt 0:13:48]} 33. Qxe2 {[%emt 0:00:09]} h3 {[%emt 0:00:04]} 34. f4 {[%emt 0:03:12]} Bd4 {[%emt 0:03:39]} 35. Qf3 {[%emt 0:01:51]} Bxe3 {[%emt 0:00:06]} 36. Qxe3 {[%emt 0:00:10]} Kg7 {[%emt 0:00:55]} 37. Qxh3 {[%emt 0:00:23]} Qxf4 {[%emt 0:00:21]} 38. Qc3+ {[%emt 0:00:50]} Kg8 {[%emt 0:00:42]} 39. f3 {[%emt 0:00:14]} g5 {[%emt 0:00:10]} 40. Kg2 {[%emt 0:00:37]} g4 {[%emt 0:00:47]} 41. Rxb7 {[%emt 0:00:43]} gxf3+ {[%emt 0:00:28]} 42. Qxf3 {[%emt 0:00:05]} Qd2+ {[%emt 0:00:18]} 43. Qf2 {[%emt 0:00:30]} Qg5+ {[%emt 0:00:46]} 44. Qg3 {[%emt 0:00:20]} Qxg3+ {[%emt 0:00:11]} 45. Kxg3 {[%emt 0:00:13]} Rxe4 {[%emt 0:00:08]} 46. Rb6 {[%emt 0:00:07]} Kf8 {[%emt 0:00:39]} 47. Rxd6 {[%emt 0:00:28]} Rxb4 {[%emt 0:00:05]} 48. Rxa6 {[%emt 0:00:04]} Rd4 {[%emt 0:00:05]} 49. d6 {[%emt 0:00:11]} f5 {[%emt 0:00:33]} 50. h4 {[%emt 0:00:28]} Kg7 {[%emt 0:00:51]} 51. Ra7+ {[%emt 0:00:47]} Kg6 {[%emt 0:00:56]} 52. d7 {[%emt 0:00:09]} Kh5 {[%emt 0:00:25]} 53. Kf3 {[%emt 0:00:53]} f4 {[%emt 0:00:15]} 54. Ra5+ {[%emt 0:01:03]} Kxh4 {[%emt 0:00:32]} 55. Rf5 {[%emt 0:00:07]} Rxd7 {[%emt 0:00:06]} 56. Rxf4+ {[%emt 0:00:40]} 1/2-1/2